01005cam a22002895a 4500001000800000005001700008008004100025020001800066040003300084082001900117100002900136245004800165250004700213260003900260300002900299500002000328650002900348651001000377653003600387655002400423942001700447999001700464336002600481337002800507338002700535952015300562167040120240818093029.0980527t2017 nyua fr 001 0 eng d a9780553109535 aDLCcDLCdDLCdEG-ScBUEbeng04222a523.1bHAW1 aHawking, Stephen,d1942-12aA brief history of time /cStephen Hawking. aUpdated and expanded tenth anniversary ed. aNew York :bBantam Books,cc.2017. a223 p. :bill. ;c24 cm. aIncludes index. 7aCosmology.2BUEsh937498 2BUEsh bGGENcDecember2017dBestSellers vReading book934232 2ddchRDA-MOD c25803d25775 2rdacontentatextbtxt aunmediated2rdamediabn avolumebnc2rdacarrier 00102ddc40708BaccahaMAINbMAINc1STd2017-12-26ePurchaseg750.00l6m57o523.1 HAWp000047015q2024-01-15r2023-12-05 00:00:00s2023-12-05yBB